000
00460nam a2200157Ia 4500
008
100122s9999 xx 000 0 und d
082
_b
75091
_a
823
100
_a
रॉय किणीकर
245
_a
दर्यावर्दी कोलंबस
250
_a
2
260
_c
2007
300
_a
148
630
_a
दर्यावर्दी कोलंबस
730
_a
दर्यावर्दी कोलंबस
942
_c
BOOK
999
_c
391137
_d
391134